<?xml version="1.0" encoding="UTF-8"?><?xml-stylesheet type="text/xsl" href="static/style.xsl"?><OAI-PMH xmlns="http://www.openarchives.org/OAI/2.0/" xmlns:xsi="http://www.w3.org/2001/XMLSchema-instance" xsi:schemaLocation="http://www.openarchives.org/OAI/2.0/ http://www.openarchives.org/OAI/2.0/OAI-PMH.xsd"><responseDate>2026-04-27T22:00:42Z</responseDate><request verb="GetRecord" identifier="oai:uvadoc.uva.es:10324/28075" metadataPrefix="marc">https://uvadoc.uva.es/oai/request</request><GetRecord><record><header><identifier>oai:uvadoc.uva.es:10324/28075</identifier><datestamp>2025-03-26T19:45:07Z</datestamp><setSpec>com_10324_23595</setSpec><setSpec>com_10324_5186</setSpec><setSpec>com_10324_29291</setSpec><setSpec>col_10324_27737</setSpec></header><metadata><record xmlns="http://www.loc.gov/MARC21/slim" xmlns:doc="http://www.lyncode.com/xoai" xmlns:xsi="http://www.w3.org/2001/XMLSchema-instance" xmlns:dcterms="http://purl.org/dc/terms/" xsi:schemaLocation="http://www.loc.gov/MARC21/slim http://www.loc.gov/standards/marcxml/schema/MARC21slim.xsd">
<leader>00925njm 22002777a 4500</leader>
<datafield tag="042" ind1=" " ind2=" ">
<subfield code="a">dc</subfield>
</datafield>
<datafield tag="720" ind1=" " ind2=" ">
<subfield code="a">Merino Orozco, Abel</subfield>
<subfield code="e">author</subfield>
</datafield>
<datafield tag="720" ind1=" " ind2=" ">
<subfield code="a">Arraiz Pérez, Ana</subfield>
<subfield code="e">author</subfield>
</datafield>
<datafield tag="720" ind1=" " ind2=" ">
<subfield code="a">Sabirón Sierra, Fernando</subfield>
<subfield code="e">author</subfield>
</datafield>
<datafield tag="720" ind1=" " ind2=" ">
<subfield code="a">Usán Supervía, Pablo</subfield>
<subfield code="e">author</subfield>
</datafield>
<datafield tag="720" ind1=" " ind2=" ">
<subfield code="a">Jarie, Laurane</subfield>
<subfield code="e">author</subfield>
</datafield>
<datafield tag="260" ind1=" " ind2=" ">
<subfield code="c">2017</subfield>
</datafield>
<datafield tag="520" ind1=" " ind2=" ">
<subfield code="a">El fútbol escolar es hoy una actividad extraescolar de gran relevancia educativa y social. Muchos niños, acompañados por sus familias, participan en una competición reglada sobre la que vierten ilusiones y expectativas. La coordinación emerge como herramienta indispensable para abordar una educación holística del niño, con especial incidencia en una etapa de cambios psicosociales en la que comienza paralelamente su institucionalización escolar y deportiva. El estudio trata de comprender el modo en el que desarrollan las acciones para la coordinación entre los espacios formativos formales y extraescolares deportivos. Para ello, se utiliza un estudio de caso etnográfico en el que se desarrolla una observación participante durante un curso escolar completo, que se complementa con entrevistas en profundidad a maestros. El muestreo teórico se compone de 101 escolares de seis y siete años (cinco niñas y 96 niños), diez entrenadores de fútbol (todos hombres y correspondientes a diez equipos diferentes), 21 maestros (15 mujeres y cinco hombres) y otros actores como familias y organizadores que intervienen en la construcción del escenario socioeducativo. Los resultados más relevantes evidencian una sectorización de las actividades formativas para el niño, que construye aprendizajes en paralelo en dos espacios socioeducativos. Los espacios que facilitan la comunicación se emprenden desde iniciativas personales de agentes educativos con presencia en los dos espacios. Los familiares emergen como figuras educativas de relevancia para la coordinación. El estudio concluye revalorizando la comunicación para lograr una educación holística del niño, y que las actividades extraescolares puedan ser consideradas y utilizadas proactivamente en beneficio pedagógico de las particularidades inherentes a cada persona.</subfield>
</datafield>
<datafield tag="024" ind2=" " ind1="8">
<subfield code="a">Ágora para la Educación Física y el Deporte; Vol. 19 Núm. 2-3 (2017): Mayo-diciembre pags. 329-354</subfield>
</datafield>
<datafield tag="024" ind2=" " ind1="8">
<subfield code="a">1989-7200</subfield>
</datafield>
<datafield tag="024" ind2=" " ind1="8">
<subfield code="a">http://uvadoc.uva.es/handle/10324/28075</subfield>
</datafield>
<datafield tag="024" ind2=" " ind1="8">
<subfield code="a">10.24197/aefd.2-3.2017.329-354</subfield>
</datafield>
<datafield tag="024" ind2=" " ind1="8">
<subfield code="a">329</subfield>
</datafield>
<datafield tag="024" ind2=" " ind1="8">
<subfield code="a">2-3</subfield>
</datafield>
<datafield tag="024" ind2=" " ind1="8">
<subfield code="a">354</subfield>
</datafield>
<datafield tag="245" ind1="0" ind2="0">
<subfield code="a">La coordinación entre espacios formativos formales y deportivos: un estudio de caso etnográfico en el fútbol pre-benjamín</subfield>
</datafield>
</record></metadata></record></GetRecord></OAI-PMH>